Dove giocava nel 2010-2011? - Quiz n°52 - Statistics

Statistiche generali
  • Questo quiz è stato fatto 28 volte
  • Il punteggio medio è 5 su 10
Statistiche sulle risposte
Hint Risposta % Corretto
Goran Pandev Inter
96%
Philippe Mexès Roma
70%
Neymar Santos
57%
Cesc Fàbregas Arsenal
52%
Pablo Zabaleta Manchester City
48%
Alex Chelsea
39%
Vitolo Las Palmas
35%
Wilfredo Caballero Elche
30%
Adriano Correia Barcellona
22%
Demba Ba Hoffenheim
4%
Nessun quiz corrispondente trovato
Distribuzione punteggi
Percentuale di utenti per punteggio
Percentile per numero di risposta
I tuoi punteggi nel tempo
Non hai fatto questo quiz